Acteurs d'Outer Banks - Mort subite - Statistiques

Statistiques générales
  • Ce quiz a été pris 340 fois
  • Le résultat moyen est 6 sur 7
Answers on the Grid
Answers color-coded by a green-red scale on the quiz's grid according to % correct below.
Madelyn Cline
Madeleine Petsch
Chase Stokes
Madison Bailey
Rudy Pankow
Jonathan Daviss
Drew Starkey
Carlacia Grant
Lili Reinhart
Camila Mendes
Lola Tung
Clara Galle
Jenna Ortega
Gavin Casalegno
 
Statistiques - réponses
Réponse % Correct
Madelyn Cline
91%
Rudy Pankow
90%
Chase Stokes
87%
Madison Bailey
82%
Drew Starkey
75%
Jonathan Daviss
71%
Carlacia Grant
56%
Aucun quiz correspondant
Distribution des résultats
% des personnes avec chaque résultat
Percentile par nombre de réponses
Votre historique - résultats
Vous n’avez pas pris ce quiz